Which U.S. State Is Richer? - Statistics

General Stats
  • This quiz has been taken 11 times
  • The average score is 5 of 10
Answer Stats
Question Answer % Correct
Which U.S. state is richer? New Hampshire
90%
Which U.S. state is richer? Nevada
80%
Which U.S. state is richer? Maryland
60%
Which U.S. state is richer? Virginia
60%
Which U.S. state is richer? Delaware
50%
Which U.S. state is richer? New Hampshire
40%
Which U.S. state is richer? Utah
30%
Which U.S. state is richer? Missouri
20%
Which U.S. state is richer? Wyoming
20%
Which U.S. state is richer? North Dakota
10%
No matching quizzes found
Score Distribution
Percent of People with Each Score
Percentile by Number Answered
Your Score History
You have not taken this quiz